| 000 | 02078nam a2200181Ia 4500 | ||
|---|---|---|---|
| 008 | 151202s9999||||xx |||||||||||||| ||und|| | ||
| 082 | _bPNVM-49348 | ||
| 100 | _a"संपा-अंधृटकर शंकर नारायण/सल्ला-दाते केशवराव,आमोणकर दि.वि,नाईक बापूराव." | ||
| 245 | _aनाटक मराठी रंगभूमीला व नाट्यवाङ्मयाला पूर्णतया वाहिलेले नियतकालिक व1अं1ते नोव्हें डिसें 1955(2) जाने ते ऑक्टो1956(10) जाने ते ऑग 1957(8) 20 अंकसंच. | ||
| 260 | _bअंधृटकर शंकर नारायण फेमस प्रिटंर्स 12 त्रिभुवन रोड मुंबई 4. | ||
| 260 | _c8 1955 | ||
| 300 | _a300 | ||
| 600 | _a"संपा-अंधृटकर शंकर नारायण/सल्ला-दाते केशवराव,आमोणकर दि.वि,नाईक बापूराव." | ||
| 630 | _aनाटक मराठी रंगभूमीला व नाट्यवाङ्मयाला पूर्णतया वाहिलेले नियतकालिक व1अं1ते नोव्हें डिसें 1955(2) जाने ते ऑक्टो1956(10) जाने ते ऑग 1957(8) 20 अंकसंच. | ||
| 700 | _a"संपा-अंधृटकर शंकर नारायण/सल्ला-दाते केशवराव,आमोणकर दि.वि,नाईक बापूराव." | ||
| 730 | _aनाटक मराठी रंगभूमीला व नाट्यवाङ्मयाला पूर्णतया वाहिलेले नियतकालिक व1अं1ते नोव्हें डिसें 1955(2) जाने ते ऑक्टो1956(10) जाने ते ऑग 1957(8) 20 अंकसंच. | ||
| 942 | _cBOOK | ||
| 999 |
_c1315245 _d1315242 |
||